000 005110000a22001690004500
041 0 _aENG
082 0 4 _aG 492.44 G524s
100 1 _aGirdlestone, Robert Baker (1836-1923)
245 1 0 _aSynonyms of the Old Testament : Their vearing on christian doctrine / Robert Baker Girdlestone
260 _aGrand Rapids, MIC., USA : Eerdmans
300 _axiv, 346 Pag
001 10315
942 _cBK
999 _c39895
_d39895
336 _atexto
_btxt
_2rdacontent
337 _2rdamedia
_asin mediación
_bn
338 _2rdacarrier
_avolumen
_bnc